Construcciones para granjas /

I tiakina i:
Ngā taipitopito rārangi puna kōrero
Kaituhi matua: Carter, Deane G. (autor)
Ētahi atu kaituhi: Hinchliff, Keith H. (autor) (autor)
Hōputu: Pukapuka
Reo:Pāniora
I whakaputaina: México : Diana, 1959, c1959
Ngā Tūtohu: Tāpirihia he Tūtohu
Kāore He Tūtohu, Me noho koe te mea tuatahi ki te tūtohu i tēnei pūkete!

MARC

LEADER 00000nam^a2200000^a^4500
001 000627536
005 20260220000000.0
009 20260310134056.502
037 |a Acervo ITESO - Biblioteca 
041 |a ESP 
091 |a FOB. 04086 
100 |a Carter, Deane G.  |e (autor) 
245 1 0 |a Construcciones para granjas / 
264 4 |a México :  |b Diana,  |c 1959, c1959 
300 |a 321 p. 
336 |a texto  |b txt  |2 rdacontenido 
337 |a sin mediación  |b n  |2 rdamedio 
338 |a volumen  |b nc  |2 rdasoporte 
649 |a XX 
700 |a Hinchliff, Keith H.  |e (autor) 
910 |a Fondo Carlos de Obeso Orendain 
920 |a Impresos - Libros 
930 |a Fondos Especiales 
905 |a 147 
901 |a 627536-10  |b IT2  |c ESP  |i D84911  |u 20260206 
902 |a https://opac.biblio.iteso.mx/vufind/Record/000627536